000 00729cam a22002651 4500
999 _c9270
_d9270
003 BD-JhCC
005 20180716180636.0
008 750729s1965 xx 000 0 eng
035 _aBD-JhCC
040 _aDLC
_cFJ
_dDLC
_dBD-JhCC
041 _aeng
050 0 0 _aPS659
_b.B7 1965
082 _a808
_bBRO 1966
100 1 _aBrowne, Joseph T.,
245 1 2 _aA book of nonfiction /
_cJoseph T. Browne.
250 _aRev. ed.
260 _aNew York,
_bMacmillan
_c[1965]
300 _axi, 307 p.
_c21 cm.
490 0 _aThe Pageant of literature.
504 _aBibliography: p. 293-294.
650 0 _aAmerican prose literature
_y20th century.
650 0 _aEnglish language
_xRhetoric.
942 _2ddc
_cBK